=LDR 00000nam 2200000 4500 =001 INLIS000000000035061 =005 20130612140938 =008 ***********************************Ind** =035 ##$$0010-061300000035061 =041 ##$$a Ind =082 ##$$a 658.312 807 6 =090 ##$$a 658.312 807 6, Sum k =100 ##$$a Sunartyo, Nano =245 ##$$a Kupas tuntas psikotes, Petunjuk lengkap menghadapi seleksi psikotes untuk CPNS dan swasta, Nano Sunartyo =260 ##$$a 2009 $b Jogyakarta =300 ##$$a 260 hlm, 22 cm =650 ##$$a Petunjuk - Psikotes =850 ##$$a NBPNMAT =990 ##$$a 0001/BPAP-NTB/20142015